Statistiques concernant Préfectures et sous-préfectures de Provence-Alpes-Côte d'Azur

Cliquez ici pour prendre le quiz!

Statistiques générales

  • Ce quiz a été pris 111 fois
  • Le résultat moyen est 13 sur 18

Statistiques - réponses

Answer % Correct
Nice
100%
Marseille
100%
Avignon
94%
Toulon
94%
Gap
93%
Aix-en-Provence
90%
Arles
81%
Digne-les-Bains
76%
Draguignan
71%
Briançon
69%
Grasse
66%
Istres
62%
Carpentras
61%
Apt
52%
Barcelonnette
49%
Brignoles
40%
Forcalquier
39%
Castellane
37%

Distribution des résultats

Percentile par nombre de réponses

% des personnes avec chaque résultat

Votre développement - résultats

Vous n’avez pas pris ce quiz